[Event "HCL-A027"]
[Site "www.playchess.de"]
[Date "2001.02.09"]
[Round "12"]
[White "mariuszk"]
[Black "teenspirit"]
[WhiteElo "1975"]
[BlackElo "1968"]
[PlyCount "105"]
[Result "1/2-1/2"]

1.e4 c5 2.g3 Nc6 3.Bg2 g6 4.d3 Bg7 5.f4 d6 6.Nf3 
e5 7.O-O Nge7 8.Nc3 O-O 9.Be3 h6 10.fxe5 dxe5 
11.Bxc5 Nd4 12.Qd2 Bg4 13.Nxd4 exd4 14.Nd5 Nxd5 
15.exd5 Re8 16.Qf4 Qd7 17.Rae1 Rxe1 18.Rxe1 Rc8 
19.Bxd4 Bxd4+ 20.Qxd4 Rxc2 21.h3 Be6 22.Qf6 Rxg2+ 
23.Kxg2 Qxd5+ 24.Kg1 Qxd3 25.Qc3 Qxc3 26.bxc3 Kf8 
27.h4 Bxa2 28.Ra1 Bd5 29.Rxa7 Ke7 30.Kf2 f5 31.Ke3 
g5 32.hxg5 hxg5 33.Ra5 Ke6 34.Kd4 Bc6 35.g4 fxg4 
36.Rxg5 Bf3 37.Ke3 Kf6 38.Kf4 Ke6 39.Re5+ Kd6 
40.Rg5 Ke6 41.c4 Kd6 42.Re5 Kc6 43.Rg5 Kd6 44.Ke3 
Ke6 45.c5 Kf6 46.Kf4 Ke6 47.Rh5 Kd7 48.Rh6 Ke7 
49.Rg6 Kf7 50.Rd6 Ke7 51.Rh6 Kd7 52.Rd6+ Kc7 
53.Ke3 1/2-1/2

[Event "HCL-A027"]
[Site "www.playchess.de"]
[Date "2001.02.09"]
[Round "15"]
[White "damage_kase"]
[Black "mariuszk"]
[WhiteElo "1281"]
[BlackElo "1975"]
[PlyCount "47"]
[Result "1/2-1/2"]

1.d4 f5 2.g3 Nf6 3.Bg2 g6 4.Nc3 Bg7 5.e4 fxe4 
6.Nxe4 Nxe4 7.Bxe4 O-O 8.Be3 c5 9.c3 d5 10.Bg2 c4 
11.Nf3 Bg4 12.O-O Nd7 13.h3 Bf5 14.Bf4 b5 15.Re1 
h6 16.Ne5 Nxe5 17.Bxe5 Qd7 18.Bxg7 Kxg7 19.Qd2 Rf7 
20.g4 Bd3 21.Re5 e6 22.Rae1 Raf8 23.f3 Re7 
24.b4 1/2-1/2

[Event "HCL-A027"]
[Site "www.playchess.de"]
[Date "2001.02.09"]
[Round "16"]
[White "raghavendrakarthik"]
[Black "Nils"]
[WhiteElo "1700"]
[BlackElo "2026"]
[PlyCount "41"]
[Result "1-0"]

1.e4 e5 2.Nf3 Nc6 3.Nc3 Nf6 4.Bb5 Bb4 5.Bxc6 dxc6 
6.d3 Qd6 7.Bd2 Bg4 8.h3 Bh5 9.g4 Bg6 10.Qe2 O-O-O 
11.O-O-O h6 12.Kb1 Rd7 13.Na4 Bxd2 14.Qxd2 b6 
15.Qc3 Bxe4 16.Nxe5 Nd5 17.Qd4 Bxh1 18.Nxd7 Bf3 
19.Ne5 Bxd1 20.Nxf7 Bxc2+ 21.Kc1 1-0

[Event "HCL-A027"]
[Site "www.playchess.de"]
[Date "2001.02.09"]
[Round "17"]
[White "teenspirit"]
[Black "raghavendrakarthik"]
[WhiteElo "1968"]
[BlackElo "1700"]
[PlyCount "35"]
[Result "1-0"]

1.d4 Nf6 2.Nf3 e6 3.c4 Bb4+ 4.Bd2 c5 5.g3 Nc6 
6.dxc5 Bxc5 7.Bg2 d5 8.cxd5 Qxd5 9.Nc3 Qd6 10.O-O 
O-O 11.e4 e5 12.Bg5 Qxd1 13.Rfxd1 Be7 14.Bxf6 Bxf6 
15.Nd5 Be7 16.Rac1 Bg4 17.Rxc6 Rfe8 
18.Rc7 1-0

[Event "HCL-A027"]
[Site "www.playchess.de"]
[Date "2001.02.09"]
[Round "18"]
[White "raghavendrakarthik"]
[Black "aldi"]
[WhiteElo "1700"]
[BlackElo "1700"]
[PlyCount "56"]
[Result "0-1"]

1.e4 e5 2.Nf3 Nc6 3.Bb5 Nf6 4.d3 d6 5.Bxc6+ bxc6 
6.b3 Be7 7.Nbd2 O-O 8.c4 Bb7 9.O-O c5 10.Re1 Qd7 
11.Nf1 h6 12.Be3 a5 13.N3d2 Ng4 14.h3 Nxe3 15.Rxe3 
a4 16.Nh2 Bg5 17.Re2 axb3 18.Qxb3 Rfb8 19.Qd1 Bc6 
20.Ndf3 Ba4 21.Qf1 Be7 22.Kh1 f5 23.exf5 Qxf5 
24.d4 cxd4 25.Nxd4 Qd3 26.Ndf3 Qxc4 27.Rc1 Qf7 
28.Rxc7 Bb5 0-1

[Event "HCL-A027"]
[Site "www.playchess.de"]
[Date "2001.02.09"]
[Round "20"]
[White "raghavendrakarthik"]
[Black "damage_kase"]
[WhiteElo "1700"]
[BlackElo "1281"]
[PlyCount "37"]
[Result "1/2-1/2"]

1.e4 e6 2.d4 d5 3.e5 c5 4.c3 Nc6 5.Nf3 Qb6 6.Bd3 
Bd7 7.Be2 cxd4 8.cxd4 Qa5+ 9.Bd2 Bb4 10.O-O Bxd2 
11.Qxd2 Qxd2 12.Nbxd2 Nge7 13.a3 O-O 14.b4 a6 
15.Bd3 Ng6 16.Nb3 b6 17.Rfc1 Rfc8 18.g3 Nce7 
19.Rxc8+ 1/2-1/2

[Event "HCL-A027"]
[Site "www.playchess.de"]
[Date "2001.02.09"]
[Round "21"]
[White "mariuszk"]
[Black "raghavendrakarthik"]
[WhiteElo "1975"]
[BlackElo "1700"]
[PlyCount "23"]
[Result "1-0"]

1.e4 e5 2.Nf3 Nc6 3.Bb5 a6 4.Bxc6 dxc6 5.O-O Nf6 
6.Nxe5 Bd6 7.Nf3 Be6 8.e5 Bg4 9.exf6 Bxh2+ 10.Kxh2 
Qxf6 11.Qe2+ Kd7 12.Ne5+ 1-0

[Event "HCL-C108"]
[Site "www.playchess.de"]
[Date "2001.02.09"]
[Round "3"]
[White "dakini"]
[Black "Stefan"]
[WhiteElo "1801"]
[BlackElo "1322"]
[PlyCount "76"]
[Result "0-1"]

1.e4 d6 2.d4 Nf6 3.Nc3 g6 4.Bc4 Bg7 5.Nf3 O-O 6.h3 
Nbd7 7.Bf4 Nh5 8.Ne2 Nxf4 9.Nxf4 e5 10.Nxg6 hxg6 
11.h4 exd4 12.h5 Ne5 13.h6 Nxc4 14.hxg7 Kxg7 
15.Qxd4+ Ne5 16.Nxe5 dxe5 17.Qxe5+ f6 18.Qc3 Rh8 
19.Rxh8 Kxh8 20.e5 Qe7 21.O-O-O Qxe5 22.Rd8+ Kg7 
23.Qxe5 fxe5 24.Re8 Kf6 25.Kd2 b6 26.Ke3 Bb7 
27.Rxa8 Bxa8 28.g3 Kf5 29.c3 g5 30.b4 Bd5 31.a3 c6 
32.a4 a5 33.Kd3 Bb3 34.b5 Bxa4 35.bxc6 Bxc6 36.Kc4 
Ke4 37.f3+ Kxf3 38.g4 e4 0-1

[Event "HCL-C108"]
[Site "www.playchess.de"]
[Date "2001.02.09"]
[Round "5"]
[White "Danne"]
[Black "dakini"]
[WhiteElo "1146"]
[BlackElo "1801"]
[PlyCount "42"]
[Result "0-1"]

1.e4 e5 2.Nf3 Nc6 3.Bb5 Nf6 4.d3 Bc5 5.h3 d5 
6.Nxe5 dxe4 7.Nxc6 bxc6 8.Bxc6+ Bd7 9.Bxa8 Qxa8 
10.Qe2 O-O 11.O-O Re8 12.dxe4 Rxe4 13.Qf3 Bb5 
14.Rd1 Be2 15.Qc3 Bxd1 16.Qxc5 Re1+ 17.Kh2 Bf3 
18.Bd2 Rf1 19.Qc3 Bxg2 20.b3 Rh1+ 21.Kg3 
Ne4+ 0-1

[Event "HCL-C108"]
[Site "www.playchess.de"]
[Date "2001.02.09"]
[Round "6"]
[White "Stefan"]
[Black "Danne"]
[WhiteElo "1322"]
[BlackElo "1146"]
[PlyCount "77"]
[Result "1-0"]

1.e4 e5 2.Nf3 d6 3.Nc3 Bg4 4.Bc4 Nc6 5.O-O Nf6 
6.h3 Bh5 7.d3 Nd4 8.g4 Nxf3+ 9.Qxf3 Bg6 10.h4 h5 
11.g5 Nd7 12.Bd2 Be7 13.Nd5 c6 14.Nxe7 Qxe7 15.a3 
Rf8 16.Qg3 f6 17.f3 fxg5 18.Bxg5 Nf6 19.Rf2 O-O-O 
20.Kf1 d5 21.Bb3 Qe6 22.Ke2 Rf7 23.Rg1 Rdf8 24.Be3 
a6 25.Qxg6 Qe8 26.Qg3 Rg8 27.Bg5 Qd8 28.Qxe5 Re8 
29.Bxf6 gxf6 30.Qxh5 Qe7 31.Qf5+ Kd8 32.Rfg2 Rff8 
33.R2g7 Qd6 34.Kd2 b5 35.R1g2 a5 36.Ra7 a4 37.Ra8+ 
Ke7 38.Rg7+ Rf7 39.Ra7+ 1-0

[Event "HCL-C108"]
[Site "www.playchess.de"]
[Date "2001.02.09"]
[Round "8"]
[White "dakini"]
[Black "Tarahumara"]
[WhiteElo "1801"]
[BlackElo "1114"]
[PlyCount "73"]
[Result "1-0"]

1.e4 e5 2.Nf3 Qf6 3.Bc4 Bc5 4.O-O Nh6 5.c3 O-O 
6.d4 exd4 7.cxd4 Bb6 8.Ng5 Bxd4 9.h4 d6 10.Qd3 Re8 
11.Bxf7+ Nxf7 12.e5 Qxe5 13.Nf3 Qf6 14.Nxd4 Qxh4 
15.Nd2 Qh6 16.N2f3 Qg6 17.Qc4 Bh3 18.Nh4 Re4 
19.Nxg6 hxg6 20.gxh3 Nc6 21.Qd5 Rxd4 22.Qe6 Nce5 
23.f4 Nd3 24.Qxg6 Re8 25.b3 Re1 26.Rxe1 Nxe1 
27.Bb2 Nf3+ 28.Kf2 Rd2+ 29.Kxf3 Rxb2 30.Rg1 Kf8 
31.Qxg7+ Ke7 32.Qxb2 b6 33.Qg7 c5 34.Re1+ Kd7 
35.Qxf7+ Kc6 36.Qe8+ Kd5 37.Qe4+ 1-0

[Event "HCL-C108"]
[Site "www.playchess.de"]
[Date "2001.02.09"]
[Round "9"]
[White "Tarahumara"]
[Black "Stefan"]
[WhiteElo "1114"]
[BlackElo "1322"]
[PlyCount "72"]
[Result "0-1"]

1.e4 e5 2.Qh5 Nc6 3.Bc4 g6 4.Qf3 Nf6 5.c3 Bg7 6.b4 
O-O 7.d3 a6 8.Nh3 d6 9.Ng5 Qe7 10.O-O Kh8 11.Rd1 
Bg4 12.Qe3 Bxd1 13.Bb3 Bxb3 14.axb3 d5 15.exd5 
Nxd5 16.Qc5 Qxc5 17.bxc5 Bh6 18.Nxf7+ Rxf7 19.Bxh6 
Nce7 20.c4 Nf4 21.Nc3 Nxd3 22.Rd1 Nxc5 23.b4 Ne6 
24.g3 Nf5 25.Bc1 Rd8 26.Re1 Ned4 27.Rxe5 Nf3+ 
28.Kg2 Nxe5 29.Bb2 Nxc4 30.Ba1 Kg8 31.Kf3 Nd4+ 
32.Kg4 Rxf2 33.Ne4 Rxh2 34.Kg5 Rd5+ 35.Kf6 Re2 
36.Ng5 Rf5+ 0-1

[Event "HCL-C108"]
[Site "www.playchess.de"]
[Date "2001.02.09"]
[Round "10"]
[White "Danne"]
[Black "Tarahumara"]
[WhiteElo "1146"]
[BlackElo "1114"]
[PlyCount "86"]
[Result "1-0"]

1.e4 e5 2.Nf3 Qf6 3.d4 Nc6 4.d5 Nd4 5.Nxd4 exd4 
6.Nd2 Bc5 7.Qf3 Qh4 8.g3 Qf6 9.Nb3 Bb6 10.Bg2 d6 
11.O-O Bd7 12.Nd2 O-O-O 13.Rb1 h5 14.c4 dxc3 
15.e.p Qxf6 16.Nxf6 bxc3 17.h4 Nc4 18.hxg3 Nxb6+ 
19.cxb6 fxg3 20.Ng4 h3 21.Ne5 g4 22.Nc4 Bf4 23.Bb5 
Rfe1 24.Ba6 e5 25.g6 exd6 26.Nxd6 Be5 27.Rh6 g5 
28.Rh5 Bf6 29.Rd7 Bf3 30.Rxh3 Kg2 31.Rh4 Reh1 
32.Rf4 Rbc1 33.Nc4 a4 34.Nd2 Rh8+ 35.Kc7 Be5+ 
36.Rd6 Bxf4 37.f6 Rh7+ 38.Kd8 Bxd6 39.Nc4 Bc7+ 
40.Ke8 d6 41.Ne3+ Kf2 42.Nf5 d7+ 43.Kf8 
d8Q+ 1-0

[Event "HCL-C108"]
[Site "www.playchess.de"]
[Date "2001.02.09"]
[Round "13"]
[White "Stefan"]
[Black "blake0850"]
[WhiteElo "1322"]
[BlackElo "1000"]
[PlyCount "35"]
[Result "1-0"]

1.e4 d5 2.exd5 Qxd5 3.Nc3 Qd8 4.Nf3 Nf6 5.Bc4 Nc6 
6.O-O e5 7.d3 Nd4 8.Re1 Qd6 9.Nxe5 Bf5 10.Nxf7+ 
Qe7 11.Rxe7+ Bxe7 12.Nxh8 Be6 13.Bxe6 Nxe6 14.Qf3 
c6 15.Be3 Bb4 16.Re1 Nd5 17.Qf7+ Kd8 
18.Qxe6 1-0

[Event "HCL-C108"]
[Site "www.playchess.de"]
[Date "2001.02.09"]
[Round "14"]
[White "blake0850"]
[Black "Danne"]
[WhiteElo "1000"]
[BlackElo "1146"]
[PlyCount "27"]
[Result "1-0"]

1.d4 d5 2.Nf3 e6 3.Bf4 Nc6 4.e3 Bd6 5.Bb5 Bd7 
6.O-O Bxf4 7.g3 Bd6 8.Nc3 Nge7 9.a4 O-O 10.Nh4 a6 
11.Bxc6 Nxc6 12.f4 f5 13.Qh5 Be8 
14.Qf3 1-0

[Event "HCL-A037"]
[Site "www.playchess.de"]
[Date "2001.02.10"]
[Round "5"]
[White "archeo"]
[Black "Spade"]
[WhiteElo "2127"]
[BlackElo "2055"]
[PlyCount "41"]
[Result "1-0"]

1.e4 d5 2.exd5 Nf6 3.d4 Bg4 4.Bb5+ c6 5.dxc6 Nxc6 
6.Bxc6+ bxc6 7.Ne2 Bxe2 8.Kxe2 Qd5 9.f3 e5 10.dxe5 
Qxe5+ 11.Kf1 Bc5 12.Qe2 Qxe2+ 13.Kxe2 O-O-O 14.Re1 
Rhe8+ 15.Kf1 Nd5 16.Rxe8 Rxe8 17.Bd2 Bb4 18.c3 Bd6 
19.g3 Nb6 20.b3 Nd5 21.a4 1-0

[Event "HCL-A037"]
[Site "www.playchess.de"]
[Date "2001.02.10"]
[Round "8"]
[White "Spade"]
[Black "Mandrake"]
[WhiteElo "2055"]
[BlackElo "1700"]
[PlyCount "38"]
[Result "0-1"]

1.e4 c5 2.Nf3 d6 3.d4 cxd4 4.Nxd4 Nf6 5.Nc3 g6 
6.Be3 Bg7 7.Be2 Nc6 8.Qd2 O-O 9.O-O Ng4 10.Bxg4 
Bxg4 11.Nxc6 bxc6 12.Rab1 Qa5 13.Bh6 Be6 14.Nd5 
Qd8 15.Bxg7 Kxg7 16.Qc3+ f6 17.Qxc6 Bxd5 18.exd5 
Qc8 19.Rfe1 Re8 0-1

[Event "HCL-A038"]
[Site "www.playchess.de"]
[Date "2001.02.10"]
[Round "35"]
[White "DKCozy"]
[Black "Dany"]
[WhiteElo "1772"]
[BlackElo "1700"]
[PlyCount "66"]
[Result "1/2-1/2"]

1.f4 d5 2.Nf3 c5 3.e3 Bg4 4.Bb5+ Nd7 5.O-O a6 
6.Be2 Bxf3 7.Rxf3 e6 8.b3 Ngf6 9.Bb2 Be7 10.Qe1 
O-O 11.Rh3 Ne4 12.d3 Bf6 13.Bxf6 Nexf6 14.g4 h6 
15.g5 hxg5 16.fxg5 Nh7 17.Rg3 Nxg5 18.h4 Qf6 
19.Nd2 Nh7 20.e4 Rfe8 21.Rg2 Qd4+ 22.Kh1 f5 23.Bh5 
Ref8 24.Nf3 Qf6 25.e5 Qe7 26.Qg3 f4 27.Qg4 Rf5 
28.Rag1 Nxe5 29.Nxe5 Rxe5 30.Qxf4 Rxh5 31.R2xg7+ 
Qxg7 32.Rxg7+ Kxg7 33.Qg4+ Kh6 1/2-1/2

[Event "HCL-A038"]
[Site "www.playchess.de"]
[Date "2001.02.10"]
[Round "36"]
[White "Mr_Arnaud"]
[Black "DKCozy"]
[WhiteElo "1700"]
[BlackElo "1772"]
[PlyCount "71"]
[Result "1-0"]

1.c4 e5 2.Nc3 f5 3.d4 e4 4.f3 Bb4 5.Bd2 Nf6 6.Nxe4 
Nxe4 7.fxe4 Bxd2+ 8.Qxd2 fxe4 9.Qf4 Qe7 10.O-O-O 
d6 11.e3 Nd7 12.Ne2 Nf6 13.Nc3 O-O 14.Be2 c6 
15.Rhf1 Bd7 16.h3 d5 17.Qc7 Rfc8 18.Qxb7 Qd8 
19.Qa6 Rcb8 20.g4 Rb6 21.Qa3 Rab8 22.Rd2 h6 23.Na4 
{GIVE UP}  R6b4 {?? WHY ??}  24.c5 {pawn left and 
no real compensation}  Qc7 {As, for what I can see 
my pos is in slight + !}  25.Nb6 {and now?}  R4xb6 
{And ??  I never give up one never wins if he does 
!}  26.cxb6 axb6 27.Rc2 {postion hopeless for you} 
 Be8 28.h4 Qg3 {:) Just thinking why R U so Happy 
chering all people up ?}  29.g5 hxg5 30.hxg5 Qxg5 
31.Rc3 Qg3 32.Qe7 {I like this position}  Qh3 
33.Rg1 {end of game}  Qh6 34.Ra3 Nd7 35.Bg4 {you 
are die}  Qg6 {No its " You are Dead "}  
36.Be6+ 1-0

[Event "HCL-A041"]
[Site "www.playchess.de"]
[Date "2001.02.10"]
[Round "4"]
[White "Hertie"]
[Black "maze"]
[WhiteElo "2000"]
[BlackElo "1929"]
[PlyCount "41"]
[Result "1-0"]

1.e4 c5 2.Nf3 d6 3.d4 cxd4 4.Nxd4 Nf6 5.Nc3 a6 
6.Be2 e6 7.O-O Be7 8.Be3 O-O 9.f4 Qc7 10.f5 e5 
11.Nb3 Nbd7 12.g4 h6 13.h4 Nh7 14.Nd5 Qd8 15.Nxe7+ 
Qxe7 16.Qe1 b6 17.c4 Bb7 18.Bf3 Rfc8 19.Nd2 b5 
20.b3 Nc5 21.Qg3 1-0

[Event "HCL-B002"]
[Site "www.playchess.de"]
[Date "2001.02.10"]
[Round "14"]
[White "KherozeN"]
[Black "Ulf"]
[WhiteElo "1500"]
[BlackElo "1500"]
[PlyCount "89"]
[Result "1-0"]

1.Nf3 d5 2.g3 Nf6 3.Bg2 c6 4.O-O g6 5.d3 Bg7 
6.Nbd2 O-O 7.e4 dxe4 8.dxe4 Bg4 9.h3 Bc8 10.Qe2 
Nbd7 11.e5 Nd5 12.Rd1 e6 13.c4 N5b6 14.Ne4 Qc7 
15.Bf4 Nxe5 16.Nxe5 Qe7 17.Ng4 e5 18.Be3 f5 
19.Nh6+ Kh8 20.Bc5 Qe8 21.Bxf8 Bxf8 22.Rd8 Qe7 
23.Nd6 e4 24.Re8 Qf6 25.c5 Bd7 26.Rxf8+ Rxf8 
27.cxb6 axb6 28.Rd1 Be6 29.Nxb7 Qg7 30.Qd2 Bxa2 
31.Nd6 Bd5 32.g4 Qe5 33.g5 Qg7 34.Qb4 b5 35.Nxb5 
Rb8 36.Qd6 Rf8 37.Rxd5 cxd5 38.Nc7 e3 39.fxe3 Rc8 
40.Ne6 Qxb2 41.Nf7+ Kg8 42.Nfd8 Rc1+ 43.Kh2 Rh1+ 
44.Kxh1 Qa1+ 45.Kh2 1-0

[Event "HCL-B070"]
[Site "www.playchess.de"]
[Date "2001.02.10"]
[Round "13"]
[White "Whoaplayer"]
[Black "chessape"]
[WhiteElo "1200"]
[BlackElo "1314"]
[PlyCount "43"]
[Result "1-0"]

1.e4 e6 2.d4 d5 3.e5 c5 4.c3 Qb6 5.Nf3 Bd7 6.Be2 
Bb5 7.O-O Bxe2 8.Qxe2 Nc6 9.b3 a6 10.dxc5 Bxc5 
11.Bb2 Nh6 12.b4 Be7 13.Nbd2 Nf5 14.Rfe1 O-O 15.a4 
Rac8 16.a5 Qc7 17.Kh1 Rfd8 18.Rac1 Rd7 19.Ba1 Rcd8 
20.Bb2 Na7 21.Kg1 Nb5 22.c4 1-0

[Event "HCL-B074"]
[Site "www.playchess.de"]
[Date "2001.02.10"]
[Round "14"]
[White "boehnisch"]
[Black "CHARON"]
[WhiteElo "1200"]
[BlackElo "1436"]
[PlyCount "41"]
[Result "0-1"]

1.d3 d5 2.Nf3 Nc6 3.g3 e5 4.Bg2 Nf6 5.Nc3 Be7 6.e4 
d4 7.Nd5 O-O 8.O-O Be6 9.c4 dxc3 10.e.p Ng5 
11.Bxd5 exd5 12.cxb2 Bxb2 13.Nxd5 Nxh7 14.Kxh7 d4 
15.Kg8 dxe5 16.Ndb4 Qg4 17.Qd2 Rab1 18.Qg5 Qe4 
19.Rfe8 f4 20.Bc5+ Kh1 21.Qe7 0-1

[Event "HCL-B074"]
[Site "www.playchess.de"]
[Date "2001.02.10"]
[Round "21"]
[White "boehnisch"]
[Black "appieh58"]
[WhiteElo "1200"]
[BlackElo "1340"]
[PlyCount "38"]
[Result "0-1"]

1.c3 Nf6 2.Nf3 c5 3.d4 cxd4 4.Nxd4 e5 5.Nb5 Nc6 
6.g3 Bc5 7.Bg2 Ng4 8.e3 d5 9.Bxd5 Qf6 10.O-O O-O 
11.h3 Nh6 12.Nd2 Bxh3 13.Ne4 Qe7 14.Re1 Rfd8 
15.Qh5 Bg4 16.Qh2 Rxd5 17.b4 Bb6 18.a3 a6 19.c4 
Rd1 {let's continue}  0-1

[Event "HCL-B106"]
[Site "www.playchess.de"]
[Date "2001.02.10"]
[Round "19"]
[White "polemicz"]
[Black "Matu"]
[WhiteElo "1500"]
[BlackElo "1257"]
[PlyCount "47"]
[Result "1-0"]

1.d4 e6 2.c4 d5 3.Nc3 Bb4 4.e3 Nf6 5.Bd3 dxc4 
6.Bxc4 c5 7.Nf3 Nc6 8.O-O cxd4 9.Nxd4 Nxd4 10.exd4 
O-O 11.Bg5 h6 12.Bh4 g5 13.Bg3 Bxc3 14.bxc3 Ne4 
15.Be5 f6 16.Qd3 f5 17.Rfe1 a6 18.Rxe4 fxe4 
19.Qxe4 Rf7 20.Qg6+ Kf8 21.d5 exd5 22.Bd6+ Ke8 
23.Re1+ Kd7 24.Qe6+ 1-0

[Event "HCL-B106"]
[Site "www.playchess.de"]
[Date "2001.02.10"]
[Round "35"]
[White "BOB"]
[Black "Matu"]
[WhiteElo "1500"]
[BlackElo "1257"]
[PlyCount "37"]
[Result "1/2-1/2"]

1.d4 Nf6 2.c4 e6 3.Nc3 Bb4 4.e3 b6 5.Nge2 Ne4 
6.Bd2 Nxd2 7.Qxd2 d5 8.a3 Bxc3 9.Nxc3 dxc4 10.Bxc4 
Bb7 11.O-O O-O 12.Rac1 c5 13.d5 exd5 14.Bxd5 Bxd5 
15.Qxd5 Qxd5 16.Nxd5 Nc6 17.b4 Ne5 18.bxc5 Nd3 
19.Rc3 1/2-1/2

[Event "HCL-B112"]
[Site "www.playchess.de"]
[Date "2001.02.10"]
[Round "9"]
[White "sevenJ"]
[Black "paule"]
[WhiteElo "1500"]
[BlackElo "1807"]
[PlyCount "32"]
[Result "0-1"]

1.e4 e6 2.d3 d5 3.Nd2 c5 4.Ngf3 Nc6 5.g3 Bd6 6.Bg2 
Nge7 7.O-O O-O 8.Re1 b6 9.c3 Bb7 10.b4 cxb4 11.e5 
bxc3 12.Nb3 Bc7 13.d4 a5 14.a4 Nb4 15.Re3 c2 
16.Qd2 Qd7 0-1

[Event "HCL-B122"]
[Site "www.playchess.de"]
[Date "2001.02.10"]
[Round "14"]
[White "BOB"]
[Black "Gruhni"]
[WhiteElo "1500"]
[BlackElo "1404"]
[PlyCount "61"]
[Result "1-0"]

1.d4 e6 2.c4 c6 3.e4 d5 4.Nc3 Bb4 5.exd5 Bxc3+ 
6.bxc3 cxd5 7.cxd5 exd5 8.Ba3 Ne7 9.Bb5+ Bd7 
10.Qe2 a6 11.Bxe7 Qxe7 12.Qxe7+ Kxe7 13.Bd3 g6 
14.Kd2 Re8 15.Re1+ Kd6 16.Nf3 f6 17.Rxe8 Bxe8 
18.c4 Nc6 19.c5+ Kd7 20.Kc3 Bf7 21.Rb1 Rb8 22.a4 
Kc7 23.Re1 Re8 24.Re3 Re6 25.h4 h5 26.Rxe6 Bxe6 
27.Bxg6 Bg4 28.Bf7 Ne7 29.Nd2 Be2 30.f3 {i think 
you should give up}  Bf1 {I think: Maybe you're 
right!}  31.Nxf1 1-0

[Event "HCL-B122"]
[Site "www.playchess.de"]
[Date "2001.02.10"]
[Round "27"]
[White "pird"]
[Black "BOB"]
[WhiteElo "1486"]
[BlackElo "1500"]
[PlyCount "26"]
[Result "1/2-1/2"]

1.e4 c5 2.d4 cxd4 3.c3 dxc3 4.Nxc3 d6 5.Nf3 a6 
6.Bc4 e6 7.O-O b5 8.Bb3 Ra7 9.Qe2 Rd7 10.Rd1 Bb7 
11.Bf4 Be7 12.Rac1 Nc6 13.Nxb5 
axb5 1/2-1/2

[Event "HCL-B131"]
[Site "www.playchess.de"]
[Date "2001.02.10"]
[Round "14"]
[White "MP"]
[Black "yar75028"]
[WhiteElo "1500"]
[BlackElo "1500"]
[PlyCount "46"]
[Result "0-1"]

1.e4 e5 2.Nf3 Nf6 3.Be2 Nc6 4.O-O Nxe4 5.d4 exd4 
6.Nxd4 Nxd4 7.Qxd4 d5 8.Nc3 Nxc3 9.Qxc3 Be6 10.Be3 
c6 11.Rad1 f6 12.Rfe1 Bd6 13.Bc5 O-O 14.Rd4 Be5 
15.Bxf8 Qxf8 16.Qd3 Bxd4 17.c3 Be5 18.Qc2 Re8 
{finally back online. i just abput gave up on this 
site.}  19.Bd3 g6 20.h3 Qd6 21.Re3 d4 22.cxd4 Qxd4 
{how r u doing in the tourny? i've won 2 games do 
far.}  23.Rg3 Bxg3 0-1

[Event "HCL-B132"]
[Site "www.playchess.de"]
[Date "2001.02.10"]
[Round "20"]
[White "Nulnulnix"]
[Black "nice"]
[WhiteElo "920"]
[BlackElo "1500"]
[PlyCount "29"]
[Result "1-0"]

1.Nf3 Nf6 2.d4 d5 3.Nc3 e6 4.Ne5 Nbd7 5.e3 Bd6 
6.Nb5 Bb4+ 7.Bd2 Bxd2+ 8.Qxd2 Ne4 9.Qe2 Nxe5 
10.dxe5 c6 11.Nd6+ Nxd6 12.exd6 Qxd6 13.Qg4 O-O 
14.Bd3 f5 15.Qe2 1-0

[Event "HCL-B144"]
[Site "www.playchess.de"]
[Date "2001.02.10"]
[Round "4"]
[White "ggaarrii"]
[Black "DepthCharge"]
[WhiteElo "1387"]
[BlackElo "1498"]
[PlyCount "53"]
[Result "1-0"]

1.e4 c5 2.Nf3 d6 3.d4 cxd4 4.Nxd4 g6 5.Be3 Nf6 
6.Nc3 e5 7.Nb3 a6 8.Be2 Bg7 9.Qd2 Nc6 10.Bh6 O-O 
11.Bxg7 Kxg7 12.O-O-O Bg4 13.Bxg4 Nxg4 14.h3 Nf6 
15.Qxd6 Qb6 16.f3 Qe3+ 17.Kb1 Qf2 18.Nd5 Ne8 
19.Qd7 Rb8 20.Qg4 Nf6 21.Nxf6 Kxf6 22.h4 Rfd8 
23.Qg5+ Kg7 24.h5 Rxd1+ 25.Rxd1 f6 {A nice game.}  
26.Rd7+ {yes! very interesting game!!}  Kg8 {oops, 
f6 was bad!}  27.Qxf6 {yes unfortunately it was 
but you played good and i hope for a next match 
soon!}  1-0

[Event "HCL-C098"]
[Site "www.playchess.de"]
[Date "2001.02.10"]
[Round "13"]
[White "COMETIN"]
[Black "Hanbei"]
[WhiteElo "966"]
[BlackElo "978"]
[PlyCount "30"]
[Result "0-1"]

1.d4 d5 2.Nf3 c5 3.c3 cxd4 4.Qxd4 Nc6 5.Qa4 Qa5 
6.Qf4 Nf6 7.Nbd2 Bg4 8.b4 Qb6 9.e3 e6 10.a3 Rd8 
11.h3 h6 12.hxg4 Bd6 13.Ne5 Bxe5 14.Qf3 Bxc3 
15.Rb1 d4 0-1

[Event "HCL-C111"]
[Site "www.playchess.de"]
[Date "2001.02.10"]
[Round "4"]
[White "Stefan"]
[Black "michalis"]
[WhiteElo "1510"]
[BlackElo "1000"]
[PlyCount "53"]
[Result "1-0"]

1.e4 c5 2.d4 cxd4 3.c3 dxc3 4.Nxc3 Nc6 5.Nf3 d6 
6.Bc4 a6 7.Bf4 e5 8.Bg5 Be7 9.Bxe7 Ngxe7 10.Qb3 
Na5 11.Qb4 Nec6 12.Qa4 b5 13.Nxb5 axb5 14.Bxb5 Qb6 
15.b4 Bd7 16.O-O O-O 17.Bxc6 Bxc6 18.Qa3 Nc4 
19.Qc3 Bb5 20.a4 Nd2 21.Nxd2 Bxf1 22.Kxf1 Rac8 
23.Qb3 Qd4 24.Ra2 Rc1+ 25.Ke2 Rc3 26.Qb2 Qd3+ 
27.Ke1 1-0

[Event "HCL-C124"]
[Site "www.playchess.de"]
[Date "2001.02.10"]
[Round "20"]
[White "xantia3"]
[Black "Platon"]
[WhiteElo "1000"]
[BlackElo "998"]
[PlyCount "21"]
[Result "1-0"]

1.d4 d5 2.c4 e6 3.Nc3 b6 4.Nf3 g6 5.Bf4 c6 6.e4 
dxe4 7.Nxe4 b5 8.cxb5 Nf6 9.Nxf6+ Qxf6 10.Be5 Qf5 
11.Bd3 1-0

[Event "HCL-C125"]
[Site "www.playchess.de"]
[Date "2001.02.10"]
[Round "30"]
[White "heZZZie"]
[Black "Stefan"]
[WhiteElo "1000"]
[BlackElo "1439"]
[PlyCount "55"]
[Result "1-0"]

1.e4 d6 2.Nc3 Nf6 3.Nf3 g6 4.Bc4 Bg7 5.Ng5 O-O 
6.O-O Nc6 7.d3 e5 8.f4 Nd4 9.fxe5 Bg4 10.Qd2 dxe5 
11.h3 Bd7 12.Bxf7+ Rxf7 13.Nxf7 Kxf7 14.Qf2 c6 
15.g4 Ke7 16.Bg5 Qh8 17.Qg3 Kd6 18.Rf2 h6 19.Be3 
Nh7 20.Bxd4 Ng5 21.Kg2 Ke6 22.Be3 Bf6 23.h4 Nf7 
24.g5 Be7 25.Ne2 Rg8 26.d4 Qh7 27.Nf4+ exf4 
28.Qg4+ 1-0

[Event "HCL-E013"]
[Site "www.playchess.de"]
[Date "2001.02.10"]
[Round "1"]
[White "Aspidazzo"]
[Black "Goofy"]
[WhiteElo "1822"]
[BlackElo "2200"]
[PlyCount "34"]
[Result "0-1"]

1.e4 c5 2.Nc3 Nc6 3.g3 g6 4.Bg2 Bg7 5.f4 d6 6.d3 
e6 7.Nf3 Nge7 8.O-O O-O 9.Be3 Nd4 10.e5 Nef5 
11.Bf2 Nxf3+ 12.Qxf3 Nd4 13.Qd1 dxe5 14.fxe5 Bxe5 
15.Ne4 Qc7 16.c3 Nf5 17.Bxc5 Rd8 0-1

[Event "HCL-E013"]
[Site "www.playchess.de"]
[Date "2001.02.10"]
[Round "20"]
[White "danicant"]
[Black "edwardchess"]
[WhiteElo "2100"]
[BlackElo "1903"]
[PlyCount "22"]
[Result "0-1"]

1.e4 e6 2.d3 d5 3.Nd2 c5 4.Ngf3 Nc6 5.g3 Bd6 6.Bg2 
Nge7 7.O-O O-O 8.Re1 Qc7 9.Qe2 f6 10.c3 Bd7 11.Nf1 
d4 0-1

[Event "ACL-A033"]
[Site "www.playchess.de"]
[Date "2001.02.10"]
[Round "7"]
[White "Silver_Fox"]
[Black "Whoaplayer"]
[WhiteElo "1500"]
[BlackElo "1500"]
[PlyCount "41"]
[Result "1-0"]

1.e4 c5 2.Nf3 d6 3.c4 Nf6 4.Nc3 e6 5.d4 cxd4 
6.Nxd4 Be7 7.Be2 O-O 8.O-O h6 9.f4 a6 10.f5 b5 
11.cxb5 d5 12.exd5 exf5 13.Nxf5 Bc5+ 14.Kh1 Bxf5 
15.Rxf5 a5 16.Qf1 Nbd7 17.Bc4 a4 18.Nxa4 Rxa4 
19.b3 Ra8 20.Bb2 Qc7 21.Qf3 1-0

[Event "ACL-A037"]
[Site "www.playchess.de"]
[Date "2001.02.10"]
[Round "6"]
[White "Gruhni"]
[Black "muggel"]
[WhiteElo "1394"]
[BlackElo "1833"]
[PlyCount "53"]
[Result "1-0"]

1.e4 c5 2.Bc4 e6 3.c3 d5 4.exd5 exd5 5.Bb5+ Nc6 
6.d4 a6 7.Ba4 Bd6 8.Nf3 Nf6 9.O-O O-O 10.Bg5 c4 
11.Re1 b5 12.Bc2 Bg4 13.h3 Bh5 14.Nbd2 h6 15.Bh4 
b4 16.Qb1 bxc3 17.bxc3 Rb8 18.Qd1 g5 19.g4 gxh4 
20.gxh5 Nxh5 21.Ne5 Qg5+ 22.Qg4 Bxe5 23.dxe5 f5 
24.Qxg5+ hxg5 25.Nf3 Rb7 26.Kh2 Rg7 
27.Reg1 1-0

[Event "ACL-A046"]
[Site "www.playchess.de"]
[Date "2001.02.10"]
[Round "8"]
[White "Pietros"]
[Black "rayschutt"]
[WhiteElo "1296"]
[BlackElo "1500"]
[PlyCount "48"]
[Result "0-1"]

1.e4 c5 2.Nf3 d6 3.d4 cxd4 4.Nxd4 Nf6 5.Nc3 g6 
6.Bd3 Bg7 7.Bg5 O-O 8.Qd2 Nc6 9.Nxc6 bxc6 10.O-O 
Rb8 11.Rab1 Re8 12.b4 Be6 13.b5 cxb5 14.Nxb5 Bxa2 
15.Rba1 Nxe4 16.Bxe4 Bxa1 17.Rxa1 Rxb5 18.Bc6 Qb8 
19.Bxb5 Qxb5 20.c3 Bc4 21.Rxa7 Qb1+ 22.Qc1 Rb8 
23.Rxe7 Qxc1+ 24.Bxc1 Be6 0-1

[Event "ACL-A062"]
[Site "www.playchess.de"]
[Date "2001.02.10"]
[Round "16"]
[White "player27"]
[Black "aldo"]
[WhiteElo "1638"]
[BlackElo "1500"]
[PlyCount "36"]
[Result "0-1"]

1.e4 c5 2.Nf3 d6 3.d4 cxd4 4.Nxd4 Nf6 5.Nc3 a6 
6.Bg5 e6 7.f4 Be7 8.Qf3 Qc7 9.O-O-O Nbd7 10.g4 b5 
11.Bxf6 Nxf6 12.g5 Nd7 13.h4 b4 14.Nce2 Bb7 15.h5 
Rc8 16.g6 O-O 17.gxh7+ Kxh7 18.Rd2 
Qa5 0-1